<?xml version="1.0" encoding="UTF-8"?>
<record
    xmlns:xsi="http://www.w3.org/2001/XMLSchema-instance"
    xsi:schemaLocation="http://www.loc.gov/MARC21/slim http://www.loc.gov/standards/marcxml/schema/MARC21slim.xsd"
    xmlns="http://www.loc.gov/MARC21/slim">

  <leader>01355nam a2200157   4500</leader>
  <controlfield tag="008">701.18 M939r</controlfield>
  <datafield tag="020" ind1=" " ind2=" ">
    <subfield code="a">9789077288009</subfield>
  </datafield>
  <datafield tag="082" ind1=" " ind2=" ">
    <subfield code="a">701.18</subfield>
    <subfield code="b">M939r</subfield>
  </datafield>
  <datafield tag="100" ind1=" " ind2=" ">
    <subfield code="a">Mrou&#xE9;, Rabih</subfield>
    <subfield code="9">6415</subfield>
  </datafield>
  <datafield tag="245" ind1=" " ind2=" ">
    <subfield code="a">Rabih Mrou&#xE9;: </subfield>
    <subfield code="b">A BAK Critical Reader in Artists&#xB4; Practice</subfield>
  </datafield>
  <datafield tag="260" ind1=" " ind2=" ">
    <subfield code="a">Estados Unidos</subfield>
    <subfield code="b">BAK</subfield>
    <subfield code="c">2012</subfield>
  </datafield>
  <datafield tag="300" ind1=" " ind2=" ">
    <subfield code="a">260 p.</subfield>
    <subfield code="b">ill</subfield>
    <subfield code="c">16.5 x 11.5 cm</subfield>
  </datafield>
  <datafield tag="505" ind1=" " ind2=" ">
    <subfield code="t">In place of a foreword: a conversation with Rabih Mrou&#xE9;</subfield>
    <subfield code="r">Maria Hlavajova, Jill Winder and Cosmin Costinas</subfield>
    <subfield code="t">I want to see</subfield>
    <subfield code="r">Anders Kreuger</subfield>
    <subfield code="t">Towards "aproximation"</subfield>
    <subfield code="r">Hila Peleg and Stella Bruzzi</subfield>
    <subfield code="t">Starting all over again</subfield>
    <subfield code="r">Bilal Khbeiz</subfield>
    <subfield code="t">I am Salah el Dine</subfield>
    <subfield code="r">Joana Hadjithomas and Khalil Joreige</subfield>
    <subfield code="t">Sous la direction</subfield>
    <subfield code="r">Walid Raad</subfield>
    <subfield code="t">Rabih Mrou&#xE9;: we live in that which we can steal from time</subfield>
    <subfield code="r">Fadi El Abdallah</subfield>
    <subfield code="t">The full story of a missing employee</subfield>
    <subfield code="r">Akram Zaatari</subfield>
    <subfield code="t">I am the martyr San&#xE2;` Y&#xFB;sif Muhaydl&#xEE;</subfield>
    <subfield code="r">Jalal Toufic</subfield>
    <subfield code="t">"To deserve" the event: on Rabih Mrou&#xE9;&#xB4;s poetics of performing</subfield>
    <subfield code="r">Keti Chukhrov</subfield>
    <subfield code="t">The body on stage and screen</subfield>
    <subfield code="r">Kaelen Wilson-Goldie</subfield>
    <subfield code="t">Performing the image: Rabih Mrou&#xE9;&#xB4;s lecture-performances</subfield>
    <subfield code="r">Natas&#xE2; Ilic</subfield>
    <subfield code="t">Annotated list of works</subfield>
    <subfield code="t">Artists&#xB4; Biography</subfield>
    <subfield code="t">Contributors </subfield>
    <subfield code="t">Acknowledgments / Financial partners</subfield>
    <subfield code="t">Index</subfield>
  </datafield>
  <datafield tag="650" ind1=" " ind2=" ">
    <subfield code="x">arte contempor&#xE1;neo</subfield>
    <subfield code="x">arte - cr&#xED;tica interpretaci&#xF3;n</subfield>
    <subfield code="x">arte - performance</subfield>
    <subfield code="x">artistas - entrevistas</subfield>
    <subfield code="9">6416</subfield>
  </datafield>
  <datafield tag="700" ind1=" " ind2=" ">
    <subfield code="a">Hlavajova, Maria &amp; Winder, Jill (editoras)</subfield>
    <subfield code="9">6417</subfield>
  </datafield>
  <datafield tag="999" ind1=" " ind2=" ">
    <subfield code="c">1506</subfield>
    <subfield code="d">1506</subfield>
  </datafield>
  <datafield tag="952" ind1=" " ind2=" ">
    <subfield code="0">0</subfield>
    <subfield code="1">0</subfield>
    <subfield code="2">ddc</subfield>
    <subfield code="4">0</subfield>
    <subfield code="7">0</subfield>
    <subfield code="a">LV</subfield>
    <subfield code="b">LV</subfield>
    <subfield code="c">Monograf&#xED;as</subfield>
    <subfield code="d">2018-06-21</subfield>
    <subfield code="l">0</subfield>
    <subfield code="o">701.18 M939r</subfield>
    <subfield code="p">001083</subfield>
    <subfield code="r">2018-06-21 00:00:00</subfield>
    <subfield code="w">2018-06-21</subfield>
    <subfield code="y">01</subfield>
  </datafield>
</record>
